000 00258nam a2200109Ia 4500
008 201231s9999 xx 000 0 und d
100 _aGill, S S
245 0 _a(the) Pathology of Coruption
260 _aNew Delhi
_bHarper Collins
300 _a295
942 _cBK
999 _c9790
_d9790